[Event "London Classic Open 2018"]
[Site "London ENG"]
[Date "2018.12.14"]
[Round "6.17"]
[White "Mihalik, Agoston"]
[Black "Flear, Glenn C"]
[Result "1/2-1/2"]
[BlackTitle "GM"]
[WhiteElo "2220"]
[BlackElo "2451"]
[WhiteFideId "719021"]
[BlackFideId "400165"]
[EventDate "2018.12.09"]

1. e4 e5 2. Nf3 Nc6 3. d4 exd4 4. Nxd4 Qf6 5. Nf3 Bb4+ 6. c3 Bc5 7. Be2 h6 8.
O-O Nge7 9. Nbd2 d6 10. e5 Nxe5 11. Ne4 Qf5 12. Nxc5 Nxf3+ 13. Bxf3 Qxc5 14. Re1
Be6 15. Bxb7 Rb8 16. Qa4+ Bd7 17. Qh4 g5 18. Qe4 O-O 19. Be3 Qe5 20. b3 Qxe4 21.
Bxe4 a5 22. Bd4 f5 23. Bf3 Ng6 24. c4 a4 25. c5 dxc5 26. Bxc5 Rfe8 27. Bd5+ Kg7
28. Bd4+ Kf8 29. Bc5+ Kg7 30. Bd4+ 1/2-1/2

[Event "London Classic Open 2018"]
[Site "London ENG"]
[Date "2018.12.14"]
[Round "6.18"]
[White "Pert, Richard G"]
[Black "Derakhshani, Borna"]
[Result "1/2-1/2"]
[WhiteTitle "IM"]
[BlackTitle "FM"]
[WhiteElo "2416"]
[BlackElo "2325"]
[WhiteFideId "404748"]
[BlackFideId "12518450"]
[EventDate "2018.12.09"]

1. d4 Nf6 2. Nf3 g6 3. g3 b6 4. Bg2 Bb7 5. O-O Bg7 6. c4 O-O 7. Nc3 Ne4 8. Nxe4
Bxe4 9. Be3 d6 10. Qd2 Nd7 11. Bh6 c5 12. Bxg7 Kxg7 13. Rfd1 Kg8 14. Qh6 Bxf3
15. Bxf3 Rb8 16. h4 Nf6 17. h5 Qc8 18. Qe3 Qd7 19. Kg2 Rbe8 20. dxc5 bxc5 21.
Qg5 Kg7 22. h6+ Kg8 23. Rd3 Qc7 24. Re3 Nd7 25. Rd1 Ne5 26. Bd5 Kh8 27. Rb3 f6
28. Qc1 e6 29. Bf3 Rb8 30. Rxb8 1/2-1/2

[Event "London Classic Open 2018"]
[Site "London ENG"]
[Date "2018.12.14"]
[Round "6.19"]
[White "Haribalu, V."]
[Black "Gilevych, Artem"]
[Result "1/2-1/2"]
[BlackTitle "IM"]
[WhiteElo "2208"]
[BlackElo "2409"]
[WhiteFideId "5015189"]
[BlackFideId "14121379"]
[EventDate "2018.12.09"]

1. d4 Nf6 2. Bf4 e6 3. e3 Be7 4. Bd3 O-O 5. Nd2 b6 6. c3 Bb7 7. Ngf3 c5 8. Qe2
Nc6 9. a3 d6 10. e4 cxd4 11. cxd4 e5 12. dxe5 dxe5 13. Bxe5 Nh5 14. Bc4 Bf6 15.
Bxf6 Qxf6 16. O-O Qxb2 17. Qe3 Rae8 18. Rab1 Qf6 19. Rb5 g6 20. Rg5 Kh8 21. e5
Qe7 22. Ne4 f6 23. Rxh5 gxh5 24. Nxf6 Nxe5 25. Nxe5 Qxf6 26. Nf7+ Qxf7 27. Bxf7
Rxe3 28. fxe3 h4 29. Rf4 Rc8 30. Bc4 h3 31. gxh3 Rc7 32. Kf2 Kg7 33. a4 Bc6 34.
Bd3 Bd7 35. h4 Rc3 36. Bxh7 Ra3 37. Re4 Ra2+ 38. Kg3 Kf6 39. Rf4+ Kg7 40. Re4
Kf6 41. Rf4+ Kg7 1/2-1/2

[Event "London Classic Open 2018"]
[Site "London ENG"]
[Date "2018.12.14"]
[Round "6.20"]
[White "Woong, Zhi Wei William"]
[Black "Lacasa Diaz, Jose Antonio"]
[Result "0-1"]
[WhiteTitle "CM"]
[BlackTitle "IM"]
[WhiteElo "2146"]
[BlackElo "2389"]
[WhiteFideId "5804906"]
[BlackFideId "2203375"]
[EventDate "2018.12.09"]

1. e4 c6 2. d4 d5 3. exd5 cxd5 4. Bd3 Nc6 5. c3 Nf6 6. Bf4 Bg4 7. Qb3 Qd7 8. Nd2
e6 9. Ngf3 Bd6 10. Bxd6 Qxd6 11. O-O O-O 12. Rfe1 Rab8 13. Ne5 b5 14. a3 Bh5 15.
Ndf3 Bxf3 16. Nxf3 Rfc8 17. Ne5 Qc7 18. Qd1 a5 19. a4 b4 20. Ba6 Rd8 21. Nxc6
Qxc6 22. Bb5 Qd6 23. f3 bxc3 24. bxc3 Rbc8 25. Qd3 Rc7 26. Rec1 g6 27. Rab1 Kg7
28. Qe3 Rdc8 29. Rb3 Ng8 30. Bf1 Ne7 31. Qd2 Nf5 32. Rcb1 Qd7 33. Ba6 Ra8 34.
Bb5 Qe7 35. Bf1 Nd6 36. Qf4 Rac8 37. Ba6 Rd8 38. Bf1 Qf6 39. Qe3 Rdc8 40. Ba6
Nc4 41. Qc1 Ra8 42. Rb7 Rxb7 43. Bxb7 Ra7 44. Bc6 Qf5 45. Rb8 Rc7 46. Bb5 Qd3
47. Qf4 Qxc3 48. Bxc4 Qxc4 49. Rb1 Rc8 50. Qe5+ Kg8 51. h4 h5 52. Rb8 Rxb8 53.
Qxb8+ Kg7 54. Qf4 Qxa4 55. Kh2 Qd7 56. g4 hxg4 57. fxg4 Qe7 58. g5 a4 59. Qe3
Qd6+ 60. Kh3 a3 61. Kg4 a2 62. Qe1 Qh2 63. Qf1 Kg8 64. Qd1 Qg2+ 65. Kf4 Qe4+ 66.
Kg3 Qb1 0-1

[Event "London Classic Open 2018"]
[Site "London ENG"]
[Date "2018.12.14"]
[Round "6.21"]
[White "Mirzoyan, Davit T."]
[Black "Villiers, Thomas"]
[Result "1-0"]
[WhiteTitle "FM"]
[BlackTitle "CM"]
[WhiteElo "2382"]
[BlackElo "2205"]
[WhiteFideId "13308386"]
[BlackFideId "427209"]
[EventDate "2018.12.09"]

1. d4 d6 2. c4 e5 3. Nc3 exd4 4. Qxd4 Nc6 5. Qd2 Nf6 6. Nf3 g6 7. b3 Bg7 8. Bb2
O-O 9. g3 Bf5 10. Nh4 Be6 11. Bg2 Qd7 12. Nd5 Ne5 13. h3 Qd8 14. O-O Rb8 15. f4
Nc6 16. e4 Re8 17. Rae1 Bd7 18. Kh2 a5 19. Bc3 Nxd5 20. cxd5 Nb4 21. Bxg7 Kxg7
22. a3 Bb5 23. Rf3 Nd3 24. Rxd3 Bxd3 25. Qxd3 Qf6 26. Nf3 Qb2 27. a4 h5 28. e5
dxe5 29. fxe5 Rbd8 30. Qc4 c6 31. d6 f6 32. Re2 Qa1 33. Re1 Qb2 34. Re2 Qa1 35.
d7 Re7 36. Re1 Qb2 37. Re2 Qa1 38. Qh4 g5 39. Nxg5 Rdxd7 40. Nf3 fxe5 41. Qg5+
Kf8 42. Nxe5 1-0

[Event "London Classic Open 2018"]
[Site "London ENG"]
[Date "2018.12.14"]
[Round "6.22"]
[White "Edwards, Simon R"]
[Black "Milliet, Sophie"]
[Result "0-1"]
[BlackTitle "IM"]
[WhiteElo "1931"]
[BlackElo "2376"]
[WhiteFideId "406821"]
[BlackFideId "623725"]
[EventDate "2018.12.09"]

1. e4 c5 2. Nf3 e6 3. d4 cxd4 4. Nxd4 Nc6 5. Nc3 Qc7 6. Be3 a6 7. Qd2 Nf6 8.
O-O-O Be7 9. f3 b5 10. Nb3 Ne5 11. Qf2 Rb8 12. g4 h6 13. Qg3 d6 14. Kb1 b4 15.
Ne2 Nc4 16. Bc5 e5 17. Nec1 Be6 18. Bxc4 Bxc4 19. Be3 a5 20. h4 a4 21. Na1 a3
22. bxa3 bxa3+ 23. Ncb3 Be2 24. Bc1 Qc3 25. Bxa3 Nxe4 26. Qe1 Qxf3 27. Rc1 Nc3+
28. Kb2 Na4+ 29. Kb1 Nc3+ 30. Kb2 Na4+ 31. Kb1 O-O 32. g5 h5 33. Rh2 Bc4 34. Qa5
Ra8 35. Qc7 Nc3+ 36. Kb2 Rxa3 0-1

[Event "London Classic Open 2018"]
[Site "London ENG"]
[Date "2018.12.14"]
[Round "6.23"]
[White "Gschnitzer, Adrian"]
[Black "Menzies, Colin"]
[Result "1-0"]
[WhiteTitle "FM"]
[WhiteElo "2374"]
[BlackElo "2132"]
[WhiteFideId "1270337"]
[BlackFideId "2502755"]
[EventDate "2018.12.09"]

1. e4 c5 2. Nf3 Nf6 3. Nc3 d5 4. exd5 Nxd5 5. Bb5+ Bd7 6. Ne5 Bxb5 7. Qf3 f6 8.
Nxb5 Na6 9. Qh5+ g6 10. Nxg6 hxg6 11. Qxh8 Qd7 12. Nc3 Nab4 13. O-O Nxc2 14. Rb1
Nf4 15. d4 Nd3 16. Bh6 O-O-O 17. Bxf8 Nf4 18. h3 cxd4 19. Qh6 e5 20. Rbc1 Qc6
21. f3 d3 22. g3 Qb6+ 23. Kh1 Qxb2 24. gxf4 Qxc3 25. Qxg6 Rxf8 26. Rfd1 Rd8 27.
Qf5+ Kb8 28. Qxf6 Qc8 29. Kh2 exf4 30. Qxf4+ Ka8 31. Rd2 Rf8 32. Qe4 Qb8+ 33.
Kh1 Rh8 34. Qxd3 Rxh3+ 35. Kg1 Qg8+ 36. Rg2 Qh8 37. Qxc2 Rh1+ 38. Kf2 Qd4+ 39.
Ke2 Qe5+ 40. Kd3 Qd5+ 41. Ke3 Qe6+ 42. Kf2 Rh8 43. Qb3 Qe8 44. Rcg1 1-0

[Event "London Classic Open 2018"]
[Site "London ENG"]
[Date "2018.12.14"]
[Round "6.24"]
[White "Sperling, Lennart"]
[Black "Bates, Richard A"]
[Result "1/2-1/2"]
[BlackTitle "IM"]
[WhiteElo "2116"]
[BlackElo "2372"]
[WhiteFideId "12990132"]
[BlackFideId "403555"]
[EventDate "2018.12.09"]

1. d4 Nf6 2. c4 g6 3. g3 Bg7 4. Bg2 O-O 5. Nc3 d6 6. Nf3 Nc6 7. O-O Bg4 8. d5
Na5 9. Nd2 c5 10. Qc2 a6 11. Rb1 b5 12. h3 Bf5 13. e4 Bd7 14. b3 Rb8 15. Bb2 e5
16. Ne2 Ne8 17. f4 f5 18. Kh2 bxc4 19. bxc4 Rb4 20. Ba1 exf4 21. Nxf4 Bxa1 22.
Rxa1 Qf6 23. Nd3 Rb8 24. e5 dxe5 25. Nxc5 Bc8 26. Qc3 Nb7 27. Nd3 Ned6 28. Qxe5
Qxe5 29. Nxe5 Nc5 30. Rab1 Rxb1 31. Rxb1 Re8 32. Nc6 Re2 33. Nb3 Nd3 34. Nbd4
Re8 35. Bf1 Nc5 36. Nb3 Na4 37. Rc1 Kf7 38. c5 Ne4 39. Bc4 Naxc5 40. Nxc5 Nxc5
41. Rd1 1/2-1/2

[Event "London Classic Open 2018"]
[Site "London ENG"]
[Date "2018.12.14"]
[Round "6.25"]
[White "Mihajlov, Sebastian"]
[Black "Price, Gwilym"]
[Result "1-0"]
[WhiteTitle "IM"]
[WhiteElo "2358"]
[BlackElo "2075"]
[WhiteFideId "1512110"]
[BlackFideId "443980"]
[EventDate "2018.12.09"]

1. e4 c5 2. Nf3 e6 3. d4 cxd4 4. Nxd4 Nf6 5. Nc3 Nc6 6. Nxc6 bxc6 7. e5 Nd5 8.
Ne4 Qc7 9. f4 Qb6 10. c4 Ne3 11. Qd3 Bb4+ 12. Bd2 O-O 13. Rc1 f5 14. exf6 Ng4
15. c5 Qa5 16. a3 Bxd2+ 17. Qxd2 Qxd2+ 18. Kxd2 Nxf6 19. Nd6 a5 20. Bc4 Ba6 21.
Rhe1 Bxc4 22. Rxc4 Ne8 23. Re5 Rb8 24. Kc2 Nc7 25. g3 h6 26. h4 Ra8 27. Ra4 Rfb8
28. Nc4 Rb5 29. Nd6 Rbb8 30. Re3 Nb5 31. Ne4 Kf7 32. Nd2 Ra7 33. Rd3 Ke7 34. Nc4
Rba8 35. Ne5 Rd8 36. Nc4 Rda8 37. Ne5 Rd8 38. Re4 Rb7 39. Nc4 Ra7 40. Nb6 Rb7
41. f5 Rf8 42. fxe6 dxe6 43. a4 Rf5 44. Nc8+ Kf6 45. axb5 Rxc5+ 46. Rc3 Rxc3+
47. bxc3 cxb5 48. Nd6 Rb6 49. Rf4+ Kg6 50. Nf7 Rb7 51. g4 h5 52. Ne5+ Kh6 53.
g5+ Kh7 54. Rf8 1-0

[Event "London Classic Open 2018"]
[Site "London ENG"]
[Date "2018.12.14"]
[Round "6.26"]
[White "Bogner, Sebastian"]
[Black "Ogunshola, Ben"]
[Result "1-0"]
[WhiteTitle "GM"]
[WhiteElo "2610"]
[BlackElo "2172"]
[WhiteFideId "4692055"]
[BlackFideId "8500231"]
[EventDate "2018.12.09"]

1. e4 d6 2. d4 Nf6 3. Nc3 g6 4. f4 Bg7 5. Nf3 O-O 6. e5 dxe5 7. fxe5 Nd5 8. Bc4
Nb6 9. Bb3 Nc6 10. a4 Bg4 11. a5 Bxf3 12. gxf3 Nc8 13. Ne2 e6 14. h4 N8e7 15. h5
Nf5 16. c3 Qe7 17. Qd3 Rfd8 18. f4 a6 19. hxg6 hxg6 20. Qf3 Rab8 21. Bc2 Qd7 22.
Be4 Nce7 23. b4 Qb5 24. Bd2 Nd5 25. Kf2 b6 26. Bd3 Qc6 27. axb6 Rxb6 28. Ra5 Qb7
29. Be4 c6 30. Nc1 Rb5 31. Ra2 a5 32. Nb3 axb4 33. c4 Rb6 34. cxd5 cxd5 35. Bxf5
exf5 36. Rha1 Qc6 37. Ra7 Qc2 38. Rc1 Qe4 39. Rcc7 Rf8 40. Qxe4 dxe4 41. d5 g5
42. e6 gxf4 43. Bxf4 Bf6 44. Rxf7 Rxf7 45. exf7+ Kf8 46. Bh6+ Bg7 47. Bxg7+ Kxg7
48. Nd4 f4 49. Ne6+ Rxe6 50. dxe6 e3+ 1-0

[Event "London Classic Open 2018"]
[Site "London ENG"]
[Date "2018.12.14"]
[Round "6.27"]
[White "Eames, Robert S"]
[Black "Hunt, Harriet V"]
[Result "1/2-1/2"]
[WhiteTitle "FM"]
[BlackTitle "IM"]
[WhiteElo "2167"]
[BlackElo "2440"]
[WhiteFideId "408743"]
[BlackFideId "403512"]
[EventDate "2018.12.09"]

1. d4 Nf6 2. c4 e6 3. Nf3 b6 4. g3 Ba6 5. Qc2 Bb4+ 6. Bd2 Be7 7. e4 d5 8. cxd5
Bxf1 9. Kxf1 exd5 10. e5 Ne4 11. Nc3 Nxc3 12. bxc3 Qd7 13. Kg2 Nc6 14. h4 h6 15.
Rae1 O-O-O 16. h5 Rdg8 17. a4 Kb7 18. c4 dxc4 19. Qxc4 Rd8 20. Rc1 Qd5 21. Be3
a5 22. Qxd5 Rxd5 23. Rc4 Nd8 24. Rhc1 Ne6 25. Ng1 c5 26. Ne2 Rhd8 27. Nc3 cxd4
28. Nxd5 Rxd5 29. Bf4 Ba3 30. Rd1 Bc5 31. Kf3 Kc6 32. Ke4 Rd7 33. Rb1 Rb7 34.
Bd2 b5 35. Rc2 bxa4 36. Rxb7 Kxb7 37. f4 Bb4 38. Kd5 d3 39. Ra2 Kb6 40. Kc4 Bxd2
41. Rxd2 Nc5 42. g4 Kc6 43. f5 Nd7 44. Kd4 Nc5 45. Kc4 Nd7 46. Kd4 1/2-1/2

[Event "London Classic Open 2018"]
[Site "London ENG"]
[Date "2018.12.14"]
[Round "6.28"]
[White "Wells, Peter K"]
[Black "Stigar, Petter"]
[Result "1-0"]
[WhiteTitle "GM"]
[BlackTitle "FM"]
[WhiteElo "2412"]
[BlackElo "2171"]
[WhiteFideId "400327"]
[BlackFideId "1500341"]
[EventDate "2018.12.09"]

1. c4 e6 2. g3 d5 3. Bg2 Nf6 4. Nf3 dxc4 5. O-O Nbd7 6. a4 a5 7. Na3 Nb6 8. Qc2
Bxa3 9. Rxa3 Qe7 10. e4 Bd7 11. d3 cxd3 12. Qxc7 Nxa4 13. Bg5 Qc5 14. Qxb7 Qc6
15. Qxc6 Bxc6 16. Ne5 Bb5 17. Rfa1 Nb6 18. Rb3 1-0

[Event "London Classic Open 2018"]
[Site "London ENG"]
[Date "2018.12.14"]
[Round "6.29"]
[White "Quinn, John M"]
[Black "Lane, Gary W"]
[Result "0-1"]
[BlackTitle "IM"]
[WhiteElo "2160"]
[BlackElo "2353"]
[WhiteFideId "405043"]
[BlackFideId "3203301"]
[EventDate "2018.12.09"]

1. d4 f5 2. c4 Nf6 3. Nc3 g6 4. Qc2 Bg7 5. Bg5 Nc6 6. Nf3 d6 7. h4 Ne4 8. e3 h6
9. Bf4 e5 10. dxe5 Nxc3 11. Qxc3 Qe7 12. O-O-O dxe5 13. Bh2 e4 14. Nd4 Nxd4 15.
exd4 Qxh4 16. Qa5 c6 17. Qc5 Qe7 18. Bd6 Qe6 19. Rh3 Kf7 20. d5 Qf6 21. Rb3 Re8
22. dxc6 bxc6 23. Qxc6 Be6 24. Rb7+ Kg8 25. Rd2 a5 26. Bc5 Rec8 27. Qb6 Rxc5 28.
Qxc5 Rc8 29. Qb5 f4 30. Rb8 Rxb8 31. Qxb8+ Kh7 32. Qd8 e3 33. Qxa5 exd2+ 34.
Qxd2 f3 35. gxf3 Qxf3 36. Bd3 h5 37. Kc2 h4 38. Qe1 Qf6 0-1

[Event "London Classic Open 2018"]
[Site "London ENG"]
[Date "2018.12.14"]
[Round "6.30"]
[White "Gullaksen, Eirik"]
[Black "Beckett, Chris J"]
[Result "0-1"]
[WhiteTitle "IM"]
[WhiteElo "2349"]
[BlackElo "2165"]
[WhiteFideId "1500945"]
[BlackFideId "406244"]
[EventDate "2018.12.09"]

1. d4 Nf6 2. c4 c5 3. d5 e6 4. Nc3 exd5 5. cxd5 d6 6. Nf3 g6 7. Bf4 Bg7 8. h3
O-O 9. e3 a6 10. a4 Qe7 11. Nd2 Nh5 12. Bh2 f5 13. Be2 f4 14. O-O fxe3 15. Bxh5
exd2 16. Bg4 Bxg4 17. Qxg4 Rf5 18. Rad1 Bxc3 19. bxc3 Rxd5 20. Qf4 Qe2 21. Qe3
Qxe3 22. fxe3 Nc6 23. e4 Rd3 24. Rf3 Rxf3 25. gxf3 b5 26. Rxd2 bxa4 27. Bxd6 Rd8
28. f4 Na5 29. e5 Nc4 30. Ra2 Nxd6 31. exd6 Rxd6 32. Rxa4 Kf7 33. Ra5 Rc6 34.
Kf2 Ke6 35. Ke3 Kd5 36. Kd3 Rb6 37. h4 Rc6 38. c4+ Kd6 39. Ke4 Ke6 40. Ke3 Kf5
41. Kf3 h5 42. Ke3 Kg4 43. Ke4 Rf6 44. Rxc5 Rxf4+ 45. Kd5 Kxh4 46. Rc6 g5 47.
Rxa6 g4 48. c5 Rf5+ 49. Kd4 g3 50. Ra2 Rf2 51. Ra8 g2 52. Rg8 Kh3 53. c6 Rf7 54.
Ke5 h4 0-1

[Event "London Classic Open 2018"]
[Site "London ENG"]
[Date "2018.12.14"]
[Round "6.31"]
[White "Bhawoodien, Mohamed Ozayr"]
[Black "Kueppers, Timo"]
[Result "1/2-1/2"]
[WhiteTitle "FM"]
[BlackTitle "FM"]
[WhiteElo "2123"]
[BlackElo "2320"]
[WhiteFideId "14306484"]
[BlackFideId "16205820"]
[EventDate "2018.12.09"]

1. c4 c5 2. Nc3 Nc6 3. g3 g6 4. Bg2 Bg7 5. Nf3 e5 6. O-O Nge7 7. a3 O-O 8. Rb1
a5 9. d3 d6 10. Ne1 Be6 11. Nc2 d5 12. cxd5 Nxd5 13. Ne3 Nde7 14. Nc4 Rb8 15.
Bg5 f6 16. Be3 b6 17. f4 f5 18. fxe5 Nxe5 19. Bf4 Nxc4 20. dxc4 Qd5 21. Qd2 Qxd2
22. Rfe1 Qd1 23. Rexd1 Rbd8 24. Nd5 Nxd5 25. cxd5 Bf7 26. e3 Rd7 27. d6 Rc8 28.
b3 Bf6 29. h4 Be6 30. Bf1 Kg7 31. Bb5 Ra7 32. d7 Rd8 33. Rd6 Bxd7 34. Rxf6 Bxb5
35. Rxb6 Bd3 36. Rc1 Rd5 37. Rd6 Rxd6 38. Bxd6 Rb7 39. Rxc5 Rxb3 40. Be5+ Kh6
41. Rxa5 1/2-1/2

[Event "London Classic Open 2018"]
[Site "London ENG"]
[Date "2018.12.14"]
[Round "6.32"]
[White "Van Zyl-Rudd, Jack"]
[Black "Bezuidenhout, Roland"]
[Result "1/2-1/2"]
[WhiteTitle "FM"]
[BlackTitle "FM"]
[WhiteElo "2306"]
[BlackElo "2145"]
[WhiteFideId "14309017"]
[BlackFideId "14304562"]
[EventDate "2018.12.09"]

1. d4 Nf6 2. c4 e6 3. Nf3 d5 4. g3 Be7 5. Bg2 O-O 6. O-O dxc4 7. Ne5 Nc6 8. Nxc6
bxc6 9. Na3 Bxa3 10. bxa3 Rb8 11. Qa4 Qxd4 12. Be3 Qe5 13. Qxc4 Qb5 14. Qxb5
Rxb5 15. Bxc6 Ra5 16. Rac1 Ba6 17. Rfe1 Rd8 18. Bc5 h6 19. f4 Nd5 20. e4 Nb6 21.
g4 Rd3 22. a4 e5 23. Bb4 Rxa4 24. Bxa4 Nxa4 25. fxe5 c5 26. Bxc5 Nc3 27. a3 Bb7
28. Bb4 Nxe4 29. Rc7 Bd5 30. Rxa7 Ng5 31. Kf2 Nh3+ 32. Kf1 Bc4 33. Rc7 Rf3+ 34.
Kg2 Bd5 35. Rd7 Nf4+ 36. Kg1 Nh3+ 37. Kg2 Nf4+ 38. Kg1 Nh3+ 1/2-1/2

[Event "London Classic Open 2018"]
[Site "London ENG"]
[Date "2018.12.14"]
[Round "6.33"]
[White "Ronka, Erik"]
[Black "Longson, Sarah N"]
[Result "1/2-1/2"]
[BlackTitle "WFM"]
[WhiteElo "2281"]
[BlackElo "2137"]
[WhiteFideId "505080"]
[BlackFideId "2501465"]
[EventDate "2018.12.09"]

1. d4 d5 2. c4 dxc4 3. Nf3 Nf6 4. Qa4+ Nc6 5. Nc3 Nd5 6. Qxc4 Ndb4 7. Qb3 Be6 8.
Qa4 Bd7 9. Qd1 e5 10. a3 exd4 11. axb4 dxc3 12. bxc3 Qf6 13. Bd2 Bd6 14. e3 Ne5
15. Nd4 O-O 16. f4 Ng4 17. Qf3 Rfe8 18. Be2 c5 19. bxc5 Bxc5 20. h3 Nh6 21. O-O
Nf5 22. Rfe1 Rad8 23. Kh2 Bc6 24. Qf2 Nd6 25. Bd3 Ne4 26. Qe2 Qh4 27. Bxe4 Bxe4
28. Bc1 Bb6 29. Ba3 Bc7 30. Rad1 Ba5 1/2-1/2

[Event "London Classic Open 2018"]
[Site "London ENG"]
[Date "2018.12.14"]
[Round "6.34"]
[White "Abbas, Daniel"]
[Black "Eche, Sylvain"]
[Result "0-1"]
[WhiteTitle "FM"]
[WhiteElo "2280"]
[BlackElo "2136"]
[WhiteFideId "423831"]
[BlackFideId "627194"]
[EventDate "2018.12.09"]

1. e4 c5 2. Nf3 d6 3. Bb5+ Bd7 4. c4 Nc6 5. O-O g6 6. d4 cxd4 7. Nxd4 Bg7 8.
Bxc6 bxc6 9. c5 Nf6 10. Nc3 O-O 11. h3 Rb8 12. Qa4 e5 13. Nf3 d5 14. exd5 Nxd5
15. Nxd5 cxd5 16. c6 Be8 17. Rd1 Qb6 18. Qh4 Bxc6 19. Bh6 f6 20. Rac1 Ba8 21.
Bxg7 Kxg7 22. Nxe5 fxe5 23. Qe7+ Rf7 24. Qxe5+ Kg8 25. Rd2 Rbf8 26. Rcc2 Qf6 27.
Qd4 Qg5 28. h4 Qf4 29. g3 Qxd4 30. Rxd4 Re7 31. b4 Re1+ 32. Kg2 Re4 33. Rxe4
dxe4 34. Kg1 Rd8 35. Kf1 Bd5 36. Rc7 Bxa2 37. Rxa7 Bc4+ 38. Ke1 Rb8 39. Kd2 Bd3
40. f3 Rxb4 41. fxe4 Bxe4 42. Ke3 Bc6 43. Rc7 Be8 44. Rc8 Kf8 45. Kf2 h5 46. Rc7
Bf7 47. Ke3 Kg7 48. Ra7 Rg4 49. Kf2 Kf6 50. Ra5 Be6 51. Rc5 Rd4 52. Ke3 Rd5 53.
Rc3 Kf5 54. Ra3 Re5+ 55. Kf2 Bd5 56. Ra4 Be4 57. Rb4 Kf6 58. Rb6+ Re6 59. Rb5
Bf5 60. Rb2 Bg4 61. Rd2 Ke5 62. Ra2 Ke4 63. Ra4+ Kd3 64. Ra3+ Kc2 65. Ra2+ Kc1
66. Ra1+ Kb2 67. Ra5 Re2+ 68. Kg1 Kc3 69. Ra3+ Kd4 70. Ra6 Bf5 71. Ra3 Rc2 72.
Ra4+ Ke3 73. Ra3+ Ke2 74. Ra4 Kf3 75. Ra3+ Kg4 76. Rb3 Kh3 77. Re3 Rg2+ 78. Kf1
Rxg3 0-1

[Event "London Classic Open 2018"]
[Site "London ENG"]
[Date "2018.12.14"]
[Round "6.35"]
[White "Merriman, John"]
[Black "Osborne, Marcus E"]
[Result "1-0"]
[WhiteElo "2261"]
[BlackElo "2128"]
[WhiteFideId "402362"]
[BlackFideId "404608"]
[EventDate "2018.12.09"]

1. d4 e6 2. c4 Nf6 3. Nc3 Bb4 4. e3 O-O 5. Ne2 Re8 6. a3 Bf8 7. Ng3 d5 8. Be2 b6
9. b4 c6 10. O-O a5 11. b5 c5 12. dxc5 bxc5 13. Bf3 Bb7 14. Ra2 Nbd7 15. cxd5
Ne5 16. dxe6 Nxf3+ 17. gxf3 Rxe6 18. e4 Qc7 19. Bg5 Rd8 20. Rd2 Rxd2 21. Qxd2 h6
22. Bf4 Bd6 23. Bxd6 Rxd6 24. Qf4 Qd8 25. Na4 c4 26. Qc1 Qc8 27. Nf5 Re6 28. Nb6
Qc5 29. Nxc4 g6 30. Nxa5 Qxb5 31. Nxh6+ Kg7 32. Nxb7 Qxb7 33. Ng4 Nxg4 34. fxg4
Qxe4 35. Qc3+ Kh7 36. Qh3+ Kg7 37. Qc3+ Kh7 38. h3 Qe2 39. Kg2 Re7 40. Rc1 Ra7
41. Qf6 Qa6 42. Qxa6 Rxa6 43. Rc3 Kh6 44. Kf3 Kg5 45. Kg3 Ra4 46. Kf3 f5 47.
gxf5 Kxf5 48. Ke2 Re4+ 49. Re3 Rd4 50. Rd3 Re4+ 51. Kd2 Rf4 52. Ke2 Re4+ 53. Re3
Rd4 54. Rf3+ Ke5 55. Rg3 Kf5 56. Rg4 Rd5 57. Rb4 Re5+ 58. Kf1 Rc5 59. Kg2 Rc3
60. Rb5+ Kf4 61. Rb4+ Kf5 62. Ra4 Rb3 63. Ra5+ Kf6 64. Ra6+ Kg5 65. a4 Ra3 66.
a5 Rc3 67. Ra8 Ra3 68. a6 Kf6 69. h4 Kg7 70. Kh2 Kh7 71. Kg2 Kg7 72. f3 Kh7 73.
Kg3 Ra1 74. Kf2 Ra4 1-0

[Event "London Classic Open 2018"]
[Site "London ENG"]
[Date "2018.12.14"]
[Round "6.36"]
[White "Venkataramanan, T.S."]
[Black "Coote, Trevor D"]
[Result "0-1"]
[WhiteTitle "FM"]
[WhiteElo "2253"]
[BlackElo "2057"]
[WhiteFideId "5001579"]
[BlackFideId "410039"]
[EventDate "2018.12.09"]

1. e4 e6 2. b3 d5 3. Bb2 dxe4 4. Nc3 Nf6 5. g4 h6 6. Bg2 Bd7 7. Qe2 Bc6 8. O-O-O
Nbd7 9. h4 Nd5 10. Bxe4 Nxc3 11. dxc3 Bxe4 12. Qxe4 c6 13. Nf3 Qa5 14. Qf4 Nf6
15. Ne5 Qc7 16. c4 Bd6 17. g5 Nh5 18. Qe3 O-O-O 19. c5 Be7 20. Qf3 hxg5 21. Qxf7
Nf4 22. Nc4 Bxc5 23. Qxc7+ Kxc7 24. hxg5 Ne2+ 25. Kb1 b5 26. Ne5 Bxf2 27. Rhf1
Bg3 28. Rf7+ Kc8 29. Rdf1 Rd2 30. Rxa7 Rhd8 31. Nd3 Bb8 32. Rxg7 c5 33. Bc1 Nxc1
34. Kxc1 Rg2 35. Nxc5 Bd6 36. Nb7 Ba3+ 37. Kb1 Rf2 38. Rg1 Rg2 39. Rh1 Rh2 40.
Re1 Re2 41. Rh1 Rh2 42. Rg1 Rdd2 43. b4 Rxc2 44. Nd6+ Kd8 45. Rg8+ Ke7 46. Nf5+
exf5 0-1

[Event "London Classic Open 2018"]
[Site "London ENG"]
[Date "2018.12.14"]
[Round "6.37"]
[White "Burrows, Martin P"]
[Black "Barrish, Daniel"]
[Result "1-0"]
[BlackTitle "FM"]
[WhiteElo "2134"]
[BlackElo "2252"]
[WhiteFideId "409057"]
[BlackFideId "14304600"]
[EventDate "2018.12.09"]

1. c4 e5 2. Nc3 Bb4 3. Nd5 Be7 4. d4 d6 5. e4 Nf6 6. Nxe7 Qxe7 7. f3 exd4 8.
Qxd4 Nc6 9. Qc3 O-O 10. Bg5 Ne5 11. Ne2 Re8 12. Ng3 h6 13. Be3 c6 14. O-O-O Be6
15. Kb1 a6 16. Be2 Qc7 17. Nf5 Rad8 18. g4 Bxf5 19. gxf5 Qe7 20. Rhg1 Kh7 21.
Rg3 d5 22. Rdg1 Rg8 23. Bd4 Rde8 24. Bd3 dxe4 25. fxe4 c5 26. Bxe5 Qxe5 27. Qxe5
Rxe5 28. Re1 g5 29. fxg6+ fxg6 30. Rf3 Kg7 31. Ref1 Rf8 32. Kc2 Nd7 33. Kd2 Rxf3
34. Rxf3 Nf8 35. Ke3 Ne6 36. Rf2 b6 37. Bf1 a5 38. Bh3 Nd4 39. Bc8 g5 40. Bb7 h5
41. Bd5 Re7 42. Rg2 Kg6 43. Rf2 Kg7 44. Rg2 Kg6 45. Rf2 g4 46. Rf8 Kg5 47. Rb8
Kh4 48. Rxb6 Kh3 49. Kf4 Nf3 50. Rh6 h4 51. Be6 Nxh2 52. Rg6 Re8 53. e5 Rf8+ 54.
Bf5 Nf1 55. Rf6 Rg8 56. e6 Ng3 57. Bg6 Ne2+ 58. Ke3 g3 59. Be4 g2 60. Bxg2+ Kxg2
61. Kxe2 Re8 62. Rg6+ Kh2 63. Ke3 h3 64. Ke4 Kh1 65. Ke5 h2 66. Kd6 a4 67. Kd7
a3 68. b4 cxb4 69. e7 b3 70. axb3 Ra8 71. e8=Q Ra7+ 72. Kd6 Ra6+ 73. Ke5 Rxg6
74. Qxg6 a2 75. Qa6 Kg1 76. Qxa2 h1=Q 77. Qa1+ 1-0